000 00738nam a2200289Ia 4500
005 20260324124058.0
008 008 260324s9999 xx 000 0 eng d
020 _a9780203567296
037 _aEBOOK
040 _aCRL
040 _beng
040 _cCRL
041 _2eng
041 _aeng
084 _qCRL
100 _aChristoffer C. Eriksen
_91172756
245 4 _aThe European Constitution, Welfare States and Democracy
245 4 _bThe Four Freedoms vs National Administrative Discretion
260 _bTaylor and Francis
260 _c2011
365 _a
365 _b255
856 _uhttp://www.taylorfrancis.com/books/9780203567296
942 _cEBOOK
999 _c1766857
_d1766857